Mitochondrial heterosis and complementation in mice /
Saved in:
| Main Author: | |
|---|---|
| Format: | Thesis Book |
| Language: | English |
| Published: |
1974.
|
| Subjects: | |
| Tags: |
Add Tag
No Tags, Be the first to tag this record!
|
| LEADER | 02031cam a2200385 a 4500 | ||
|---|---|---|---|
| 001 | u140201 | ||
| 003 | SIRSI | ||
| 008 | 920210s1974 my a bt 00 1 eng m | ||
| 035 | |a AAQ-2029 | ||
| 040 | |a UMM | ||
| 090 | |a QH425 |b Cha | ||
| 091 | |a Microfiche 1030 | ||
| 100 | 1 | 0 | |a Chai, Nyet-fah. |
| 245 | 1 | 0 | |a Mitochondrial heterosis and complementation in mice / |c Chai Nyet-fah. |
| 260 | |c 1974. | ||
| 300 | |a 156 leaves : |b ill. ; |c 1974. | ||
| 500 | |a Typescript. | ||
| 500 | |a Microfiche. Kuala Lumpur : University of Malaya, 1975. 3 fiche : negative ; 11 x 15 cm. | ||
| 502 | |a Dissertation (M.Sc.) -- Fakulti Sains, Universiti Malaya, 1974. | ||
| 504 | |a Bibliography: leaves 127-138. | ||
| 650 | 0 | |a Mice. | |
| 650 | 0 | |a Animal genetics. | |
| 650 | 0 | |a Mitochondria. | |
| 650 | 0 | |a Heterosis. | |
| 948 | |a 10/02/1992 |b 12/06/2002 | ||
| 596 | |a 1 | ||
| 999 | |a QH425 CHA |w LC |c 1 |i A002576190 |l STACKS |m P01UTAMA |r Y |s Y |t TESIS |u 11/3/1992 | ||
| 999 | |a MICROFICHE 1030 - 1 OF 3 MICROFICHES |w LC |c 1 |i A517086300 |d 22/5/2018 |f 22/5/2018 |g 1 |l MIKROFICHE |m P01UTAMA |r Y |s Y |t MIKROFIS |u 22/5/2018 | ||
| 999 | |a MICROFICHE 1030 - 1 OF 3 MICROFICHES |w LC |c 2 |i A517086313 |d 22/5/2018 |f 22/5/2018 |g 1 |l MIKROFICHE |m P01UTAMA |r Y |s Y |t MIKROFIS |u 22/5/2018 | ||
| 999 | |a MICROFICHE 1030 - 2 OF 3 MICROFICHES |w LC |c 1 |i A517086327 |d 22/5/2018 |f 22/5/2018 |g 1 |l MIKROFICHE |m P01UTAMA |r Y |s Y |t MIKROFIS |u 22/5/2018 | ||
| 999 | |a MICROFICHE 1030 - 2 OF 3 MICROFICHES |w LC |c 2 |i A517086335 |d 22/5/2018 |f 22/5/2018 |g 1 |l MIKROFICHE |m P01UTAMA |r Y |s Y |t MIKROFIS |u 22/5/2018 | ||
| 999 | |a MICROFICHE 1030 - 3 OF 3 MICROFICHES |w LC |c 1 |i A517086344 |d 22/5/2018 |f 22/5/2018 |g 1 |l MIKROFICHE |m P01UTAMA |r Y |s Y |t MIKROFIS |u 22/5/2018 | ||
| 999 | |a MICROFICHE 1030 - 3 OF 3 MICROFICHES |w LC |c 2 |i A517086358 |d 22/5/2018 |f 22/5/2018 |g 1 |l MIKROFICHE |m P01UTAMA |r Y |s Y |t MIKROFIS |u 22/5/2018 | ||
| 999 | |a MICROFICHE 1030 |w LC |c 1 |i A517088447 |d 25/5/2018 |f 25/5/2018 |g 1 |l MIKROFILM |m P01UTAMA |r Y |s Y |t CD |u 25/5/2018 | ||
| 999 | |a MICROFICHE 1030 |w LC |c 2 |i A517088455 |d 25/5/2018 |f 25/5/2018 |g 1 |l MIKROFILM |m P01UTAMA |r Y |s Y |t CD |u 25/5/2018 | ||
